| 000 | 00628nam a2200205 u 4500 | ||
|---|---|---|---|
| 005 | 20230623063556.0 | ||
| 008 | 080617s2007 r 000 0 eng d | ||
| 020 | _a9689261010 | ||
| 035 | _aUPN01000156997 | ||
| 049 | _aI | ||
| 050 | 4 |
_aPZ76.3 _bA5.3 |
|
| 100 | 1 |
_aAngulo, Annuska, _d1971- _928863 |
|
| 245 | 1 | 3 |
_aEl guateque de don Guachinango / _cAnnuska Angulo ; il. Gabriela Podestá. |
| 260 |
_aMéxico : _bMireles, _cc2007. |
||
| 300 |
_a[16] p. : _bil. col. |
||
| 650 | 4 |
_aCuentos infantiles mexicanos _97723 |
|
| 650 | 0 |
_aAnimales _vCuentos y leyendas _9234 |
|
| 700 | 1 |
_aPodestá, Gabriela, _eil. |
|
| 905 | _aInfantil | ||
| 999 |
_c129111 _d129111 |
||